| 000 | 00588nam a2200181 a 4500 | ||
|---|---|---|---|
| 001 | 1007 | ||
| 003 | CDMR | ||
| 005 | 20131212155641.0 | ||
| 008 | 130130s1984||||||||||||||||||||||||||||d | ||
| 020 | _a8474881129 | ||
| 040 |
_aCDMR _bcat _cCDMR |
||
| 100 | 1 |
_aParés i Maicas, Manuel _9794 |
|
| 245 | 1 | 3 |
_aEl papel de la información en la educación permanente y en la enseñanza universitaria _cpor Manuel Parés i Maicas |
| 260 |
_aBellaterra _c1984 _bUniversidad Autónoma de Barcelona |
||
| 650 | 0 | 4 |
_94521 _aEducació permanent |
| 650 | 0 | 4 |
_92730 _aInformació i educació |
| 942 |
_cMON _2udc |
||
| 999 |
_c1007 _d1007 |
||